The Competition Act part two: the opportunities (Record no. 70030)
[ view plain ]
| 000 -LEADER | |
|---|---|
| fixed length control field | 01519cam a2200229 4500 |
| 001 - CONTROL NUMBER | |
| control field | ABS65333 |
| 008 - FIXED-LENGTH DATA ELEMENTS--GENERAL INFORMATION | |
| fixed length control field | 020422n2002 000 0 eng u |
| 035 ## - SYSTEM CONTROL NUMBER | |
| System control number | (Sirsi) u117605 |
| 100 ## - MAIN ENTRY--PERSONAL NAME | |
| Personal name | Sproul, G |
| 245 #4 - TITLE STATEMENT | |
| Title | The Competition Act part two: the opportunities |
| 260 ## - PUBLICATION, DISTRIBUTION, ETC. | |
| Date of publication, distribution, etc. | 2002 |
| 490 ## - SERIES STATEMENT | |
| Series statement | PFI Intelligence Bulletin |
| Volume/sequential designation | 7(2) April 2002, 22(1) |
| 520 ## - SUMMARY, ETC. | |
| Summary, etc. | The second of a two-part feature which assesses the advantages of the Competition Act 1998. Advises that the Act can be used to provide opportunities for firms looking to gain access to markets or to increase their market presence. Provides a practical example of how the Act would apply to a producer of widgets who is faced with a UK supplier with a dominant market position who refuses to supply a vital raw material. In such circumstances, the producer will be able to cite breach of the Act's prohibition on abuse of market dominance. Another example in which breach of the Act will lead to interim and final orders to terminate the infringement and damages is 'hard-core' cartels. Those suspecting a cartel will be able to complain to the Office of Fair Trading (OFT) and sue members of the cartel to recover overpayments. Concludes that such advantages of the Act balance potential risks for business, directors and senior executives. |
| 590 ## - LOCAL NOTE (RLIN) | |
| Local note | ABS |
| 650 ## - SUBJECT ADDED ENTRY--TOPICAL TERM | |
| Topical term or geographic name entry element | COMPETITION ACT 1998 |
| 650 ## - SUBJECT ADDED ENTRY--TOPICAL TERM | |
| Topical term or geographic name entry element | OFT |
| 650 ## - SUBJECT ADDED ENTRY--TOPICAL TERM | |
| Topical term or geographic name entry element | CARTELS |
| 650 ## - SUBJECT ADDED ENTRY--TOPICAL TERM | |
| Topical term or geographic name entry element | PRODUCERS |
| 650 ## - SUBJECT ADDED ENTRY--TOPICAL TERM | |
| Topical term or geographic name entry element | MARKET |
| 690 ## - LOCAL SUBJECT ADDED ENTRY--TOPICAL TERM (OCLC, RLIN) | |
| Topical term or geographic name as entry element | MANAGEMENT-BUSINESS MANAGEMENT |
| 942 ## - ADDED ENTRY ELEMENTS (KOHA) | |
| Suppress in OPAC | 0 |
| Withdrawn status | Lost status | Source of classification or shelving scheme | Damaged status | Not for loan | Home library | Current library | Shelving location | Date acquired | Total Checkouts | Full call number | Barcode | Date last seen | Copy number | Price effective from | Koha item type |
|---|---|---|---|---|---|---|---|---|---|---|---|---|---|---|---|
| Dewey Decimal Classification | London | London | Journal article | 22/04/2002 | ABS65333 | 117605-1001 | 06/08/2019 | 1 | 06/08/2019 | Journal article |